Tilastot visalle Jääkiekon MM-kisat - Mitalistit

Klikkaa tästä pelataksesi tätä visaa!

Yleistilastot

  • Tätä visaa on pelattu 140 kertaa
  • Keskiarvotulos 12 / 14

Vastaustilastot

KultaaHopeaaPronssiaYht.Valtio% Oikein
2816952Kanada
100%
11191747Ruotsi
100%
49316Suomi
100%
29920Yhdysvallat
99%
53513Venäjä
96%
325Saksa
95%
1214Slovakia
95%
61613Tšekki
95%
227534Neuvostoliitto
92%
3811Sveitsi
84%
1225Yhdistynyt Kuningaskunta
77%
11Latvia
74%
6121634Tšekkoslovakia
70%
22Itävalta
63%

Tulosjakauma

Persentiili vastausten määrän mukaan

Jokaisen tuloksen saaneiden osuus

Tuloshistoriasi

Et ole pelannut tätä visaa